SOCIAL STRATEGY HOW WE PROFIT FROM SOCIA (Record no. 23501)

MARC details
000 -LEADER
fixed length control field 00377nam a2200133Ia 4500
008 - FIXED-LENGTH DATA ELEMENTS--GENERAL INFORMATION
fixed length control field 240624s9999 xx 000 0 und d
041 ## - LANGUAGE CODE
Language code of text/sound track or separate title eng
082 ## - DEWEY DECIMAL CLASSIFICATION NUMBER
Classification number 658.872 PIS
100 ## - MAIN ENTRY--PERSONAL NAME
Personal name PISKORSKI MIKOLAJ JAN
245 ## - TITLE STATEMENT
Title SOCIAL STRATEGY HOW WE PROFIT FROM SOCIA
260 ## - PUBLICATION, DISTRIBUTION, ETC.
Date of publication, distribution, etc. 2014
Place of publication, distribution, etc. New Jersey
Name of publisher, distributor, etc. Princeton University Press
300 ## - PHYSICAL DESCRIPTION
Extent xii, , 275 , 24 , p. : cm.
365 ## - TRADE PRICE
Currency code
Price amount 26
Holdings
Withdrawn status Lost status Damaged status Not for loan Home library Current library Shelving location Date acquired Source of acquisition Cost, normal purchase price Full call number Barcode Date last seen Copy number Price effective from Koha item type
        IMTN IMTN Rack 36-B 10/10/2014 MB 29.95 658.872 PIS 23501 06/24/2024 64.2 06/24/2024 Books
Designed & Maintained by: LRC IMT Nagpur Contact: lrc@imtnag.ac.in© 2024. All Rights Reserved.